[Event "Calvia Amateur op 9th"]
[Site "Calvia"]
[Date "2012.10.12"]
[Round "7"]
[White "Reyes Moreno, Jose"]
[Black "Sanchez Garcia, Alberto"]
[Result "1/2-1/2"]
[WhiteElo "1494"]
[BlackElo "1582"]
[PlyCount "46"]
[EventDate "2012.10.06"]
[EventType "swiss"]
[EventRounds "9"]
[EventCountry "ESP"]
[SourceTitle "EXT 2013"]
[Source "ChessBase"]
[SourceDate "2012.11.22"]
[SourceVersion "1"]
[SourceVersionDate "2012.11.22"]
[SourceQuality "1"]

1. e4 e6 2. d4 d5 3. Nc3 Bb4 4. Nge2 dxe4 5. Bd2 Nf6 6. g3 Nc6 7. Be3 e5 8. h3 exd4 9. Nxd4 Nxd4 10. Qxd4 Qxd4 11. Bxd4 Bf5 12. 0-0-0 Be7 13. Bg2 0-0 14. Bxf6 Bxf6 15. Nxe4 Bxe4 16. Bxe4 Rfe8 17. f3 Rad8 18. Rd3 Rxd3 19. Bxd3 a6 20. c3 c6 21. Kd2 c5 22. Re1 Rd8 23. Kc2 b5 1/2-1/2

[Event "Mallorca La Goleta U2200"]
[Site "Palma de Mallorca"]
[Date "2012.08.17"]
[Round "4"]
[White "Sanchez Garcia, Alberto"]
[Black "Llado Jaume, Jaume"]
[Result "1/2-1/2"]
[WhiteElo "1547"]
[BlackElo "1719"]
[PlyCount "96"]
[EventDate "2012.08.10"]
[EventType "swiss"]
[EventRounds "7"]
[EventCountry "ESP"]
[SourceTitle "EXT 2014"]
[Source "ChessBase"]
[SourceDate "2013.11.20"]
[SourceVersion "1"]
[SourceVersionDate "2013.11.20"]
[SourceQuality "1"]

1. d4 Nf6 2. Nf3 g6 3. c4 Bg7 4. Nc3 0-0 5. e4 d6 6. Be2 e5 7. 0-0 Nc6 8. d5 Ne7 9. Bd2 Ne8 10. b4 f5 11. Ng5 h6 12. Ne6 Bxe6 13. dxe6 f4 14. f3 g5 15. Qb3 Nf6 16. Rfd1 Kh7 17. c5 Nc6 18. cxd6 cxd6 19. Nd5 Nd4 20. e7 Qxe7 21. Nxe7 Nxb3 22. axb3 Rf7 23. Nf5 Bf8 24. Bc4 Rd7 25. b5 Kg6 26. Bb4 d5 27. Bxf8 Rxf8 28. Bxd5 Rfd8 29. Rd2 g4 30. Rad1 Kg5 31. fxg4 Nxe4 32. Re2 Rxd5 33. Rxd5 Rxd5 34. Rxe4 Rxb5 35. b4 h5 36. Nd6 Rd5 37. Nxb7 hxg4 38. Na5 Kf5 39. Re1 e4 40. Nc6 Rd7 41. b5 Rb7 42. Nxa7 Rxa7 43. b6 Rb7 44. Rb1 e3 45. Kf1 f3 46. gxf3 gxf3 47. Rb4 Re7 48. Rb1 Rb7 1/2-1/2

[Event "Mallorca La Goleta U2200"]
[Site "Palma de Mallorca"]
[Date "2012.08.15"]
[Round "3"]
[White "Trillo Figueroa Vidal, Antonio"]
[Black "Sanchez Garcia, Alberto"]
[Result "0-1"]
[WhiteElo "1818"]
[BlackElo "1547"]
[PlyCount "76"]
[EventDate "2012.08.10"]
[EventType "swiss"]
[EventRounds "7"]
[EventCountry "ESP"]
[SourceTitle "EXT 2014"]
[Source "ChessBase"]
[SourceDate "2013.11.20"]
[SourceVersion "1"]
[SourceVersionDate "2013.11.20"]
[SourceQuality "1"]

1. e4 e6 2. d4 d5 3. Nc3 Bb4 4. a3 Bxc3+ 5. bxc3 dxe4 6. Qg4 Qf6 7. Qxe4 Ne7 8. Nf3 h6 9. Bd3 Nbc6 10. 0-0 b6 11. Bf4 Bb7 12. Be5 Nxe5 13. dxe5 Bxe4 14. exf6 Bxf3 15. fxg7 Rg8 16. gxf3 Rxg7+ 17. Kh1 0-0-0 18. a4 a5 19. c4 Rdg8 20. c5 Nd5 21. cxb6 cxb6 22. Ra3 Nb4 23. Rc3+ Kd7 24. f4 Nxd3 25. Rxd3+ Kc6 26. h3 h5 27. Rfd1 Rg2 28. R3d2 Kc5 29. f3 R2g3 30. Kh2 Rxf3 31. Rd4 Rgg3 32. Rd7 Rxh3+ 33. Kg2 Rhg3+ 34. Kh2 Rg4 35. Rc7+ Kb4 36. Rd4+ Ka3 37. Rd2 Rgxf4 38. c4 Rf2+ 0-1

[Event "Mallorca La Goleta U2200"]
[Site "Palma de Mallorca"]
[Date "2012.08.11"]
[Round "2"]
[White "Sanchez Garcia, Alberto"]
[Black "Navarrete Abraham, Jorge"]
[Result "0-1"]
[WhiteElo "1547"]
[BlackElo "1890"]
[PlyCount "112"]
[EventDate "2012.08.10"]
[EventType "swiss"]
[EventRounds "7"]
[EventCountry "ESP"]
[SourceTitle "EXT 2014"]
[Source "ChessBase"]
[SourceDate "2013.11.20"]
[SourceVersion "1"]
[SourceVersionDate "2013.11.20"]
[SourceQuality "1"]

1. d4 Nf6 2. Bf4 d6 3. e3 Bf5 4. Bd3 Bxd3 5. Qxd3 e6 6. c3 Nh5 7. Bg3 Nxg3 8. hxg3 h6 9. Nf3 Nd7 10. Nbd2 Be7 11. e4 c6 12. g4 Qb6 13. Nc4 Qa6 14. g5 d5 15. exd5 cxd5 16. Nce5 Nxe5 17. Nxe5 Qxd3 18. Nxd3 Bxg5 19. f4 Bf6 20. g4 0-0-0 21. 0-0-0 g5 22. Rdf1 b6 23. Ne5 Rh7 24. Kc2 gxf4 25. Rxf4 Bxe5 26. dxe5 Rg8 27. Rh4 Rg5 28. Rh5 Rxh5 29. gxh5 Kc7 30. Rf6 Kc6 31. b4 Kb5 32. Kb3 a6 33. a4+ Kc6 34. Kc2 a5 35. Kb3 Rg7 36. Rxh6 Rg5 37. Rh7 Rxe5 38. h6 axb4 39. Rxf7 bxc3 40. h7 Rh5 41. Kxc3 Rh1 42. Re7 Kd6 43. Rb7 Ke5 44. Rxb6 Rxh7 45. a5 d4+ 46. Kc2 Rh2+ 47. Kb1 d3 48. a6 Rh1+ 49. Kb2 d2 50. a7 d1Q 51. Rb5+ Kf6 52. a8Q Qc1+ 53. Kb3 Rh3+ 54. Ka2 Rh2+ 55. Kb3 Rb2+ 56. Ka4 Qa1# 0-1

[Event "Mallorca Summer 1st"]
[Site "Palma de Mallorca"]
[Date "2012.07.17"]
[Round "5"]
[White "Diez Cabeza, Vicente"]
[Black "Sanchez Garcia, Alberto"]
[Result "1-0"]
[WhiteElo "1653"]
[BlackElo "1547"]
[PlyCount "63"]
[EventDate "2012.07.09"]
[EventType "swiss"]
[EventRounds "8"]
[EventCountry "ESP"]
[SourceTitle "EXT 2014"]
[Source "ChessBase"]
[SourceDate "2013.11.20"]
[SourceVersion "1"]
[SourceVersionDate "2013.11.20"]
[SourceQuality "1"]

1. d4 g6 2. c4 Bg7 3. Nc3 Nf6 4. e4 d6 5. f4 0-0 6. Nf3 Nbd7 7. e5 Nh5 8. g4 dxe5 9. gxh5 exd4 10. Nxd4 e5 11. Nf3 exf4 12. Bxf4 Re8+ 13. Kf2 Bxc3 14. bxc3 Qf6 15. Qd4 c5 16. Qxf6 Nxf6 17. Nd2 Nxh5 18. Be3 Bf5 19. Bxc5 Nf4 20. Be3 Nh3+ 21. Bxh3 Bxh3 22. Rhg1 Re6 23. Rge1 Rd8 24. Bd4 a6 25. Rxe6 fxe6 26. Kg3 Bf5 27. Nf3 Be4 28. Re1 Bxf3 29. Kxf3 Rf8+ 30. Kg3 e5 31. Rxe5 Rf1 32. Re8+ 1-0

[Event "Mallorca Summer 1st"]
[Site "Palma de Mallorca"]
[Date "2012.07.12"]
[Round "3"]
[White "Sanchez Garcia, Alberto"]
[Black "Carranza Pons, Ricardo Nelson"]
[Result "0-1"]
[WhiteElo "1547"]
[BlackElo "1743"]
[PlyCount "78"]
[EventDate "2012.07.09"]
[EventType "swiss"]
[EventRounds "8"]
[EventCountry "ESP"]
[SourceTitle "EXT 2014"]
[Source "ChessBase"]
[SourceDate "2013.11.20"]
[SourceVersion "1"]
[SourceVersionDate "2013.11.20"]
[SourceQuality "1"]

1. d4 d5 2. Bf4 Nf6 3. e3 Bf5 4. Bd3 Bxd3 5. Qxd3 e6 6. Nd2 Bd6 7. Bxd6 Qxd6 8. Ngf3 Nbd7 9. c3 c5 10. 0-0 c4 11. Qc2 0-0 12. Rfe1 b5 13. e4 dxe4 14. Nxe4 Nxe4 15. Qxe4 Nf6 16. Qc2 Rac8 17. Ne5 b4 18. Qa4 bxc3 19. bxc3 Qc7 20. Rab1 Nd5 21. Rec1 f6 22. Nd7 Rfd8 23. Nc5 Nb6 24. Qd1 Qf7 25. Qe2 Re8 26. Re1 e5 27. Ne4 Qd5 28. dxe5 Rxe5 29. Rbd1 Qe6 30. Rd6 Qe7 31. Qf3 f5 32. Nf6+ gxf6 33. Qg3+ Kh8 34. Rxe5 Qxe5 35. Qxe5 fxe5 36. Re6 Rc5 37. Re7 e4 38. Rxa7 Nd5 39. Ra3 Rb5 0-1